| 000 | 00388nam a22001697a 4500 | ||
|---|---|---|---|
| 005 | 20160622100213.0 | ||
| 008 | 160622b xxu||||| |||| 00| 0 eng d | ||
| 020 | _a981-240-089-3 | ||
| 041 | _aeng | ||
| 082 | _b8861 | ||
| 100 |
_aChampowe, Joseph E _92437 |
||
| 245 | _aOrganizational behavior | ||
| 260 |
_bThomson _c2001 |
||
| 300 | _a375 | ||
| 650 |
_aManagement _9241 |
||
| 942 | _cBK | ||
| 999 |
_c3458 _d3457 |
||